LEADER 01212nam a2200277 u 4500 001 000000031354 003 CaOOAMICUS 005 20070226112130.0 008 971001s1983 fr u000 u fre u 020 $a2222030161 035 $a10771153 040 $aPUL(R)$bita 100 1 $aSirat, Colette.$0(OLS)http://pul/name/23448 245 13$aLa philosophie juive au Moyen Âge selon les textes manuscrits et imprimés /$ccolette Sirat. 260 $aParis :$bEditions du Centre national de la recherche scientifique,$c1983. 300 $a529 p. ;$c24 cm 500 $aContiene indici. 500 $aIn testa al front.: Institut de recherche et d'hisotire des textes. 504 $aBibliografia: p. [461]-504. 850 $aPUL 852 $aPUL$W1$xSL Religione 1$y3$m7(1) C 47$j43313$nBK-PRI$b $qStampati$B43313$CPULBib$Z2$F43313 $H $81 941 1 $a8 961 $aINV: 52754 996 $6020$a2222030161$9(OLS)http://pul/number/39327 996 $6245$aLa philosophie juive au Moyen Âge selon les textes manuscrits et imprimés$9(OLS)http://pul/title/43114 996 $6260$aParis :$bEditions du Centre national de la recherche scientifique$9(OLS)http://pul/publisher/49483 LEADER 01536nam a2200361 a 4500 001 000000134838 003 CaOOAMICUS 005 20130704155108.0 008 130704s1986 it u000 u ita r 040 $aPUL$bita 041 1 $aita$hger 100 0 $aTheresia Benedicta a Cruce,$cs.,$d1891-1942.$0(OLS)http://pul/name/8163 240 10$aProblem der Einfühlung.$lItaliano.$0(OLS)http://pul/title/170511 245 12$aL'empatia /$cEdith Stein ; edizione italiana a cura di Michele Nicoletti ; presentazione di Achille Ardigò. 260 $aMilano :$bFranco Angeli,$c©1986. 300 $a202 p. ;$c22 cm. 490 1 $aPrisma ;$v1140.16 504 $aInclude riferimenti bibliografici. 650 4$aEmpatia.$0(OLS)http://pul/subject/39384 700 1 $aArdigò, Achille.$0(OLS)http://pul/name/5443 700 1 $aNicoletti, Michele,$d1956-$0(OLS)http://pul/name/13650 830 3$aIl prisma ;$v1140.16.$0(OLS)http://pul/title/20363 850 $aPUL 852 $aPUL$W1$xDP1 Fondo E. Rossi$y115$m1 S 125$j155106$qFondi$B154659$CPULBib$Z2$F154659 $82 900 $aStein, Edith, $csuora,$d1891-1942$98163 900 $aEdith Stein,$cs.,$d1891-1942 $98163 900 $aTeresa Benedetta della Croce.$cs.,$d1891-1942$98163 900 $aTeresia Benedicta a Cruce,$cs.,$d1891-1942?$98163 941 1 $a1 961 $aSul dorso collocazione ms. di E. Rossi: S 54 996 $6245$aL'empatia$9(OLS)http://pul/title/167837 996 $6260$aMilano :$bFranco Angeli$9(OLS)http://pul/publisher/52903